000 00610nam a22001697a 4500
003 BD-ChCU
005 20251109143615.0
008 251103b uk ||||| |||| 00| 0 eng d
040 _cBD-ChCU
082 _a170 SIO
100 _aSidgwick, Henry
_915756
245 _aOut line of the history of ethics for english readers , with an additional chapter /
_cHenry Sidgwick
260 _aLondon :
_bMacmillan,
_cc1962
300 _axxvi , 342p
650 0 _aEthics
_915302
942 _2ddc
_cBK
_n0
999 _c109049
_d109049